| 000 | 00570nam a2200229Ia 4500 | ||
|---|---|---|---|
| 003 | OSt | ||
| 005 | 20230403110704.0 | ||
| 008 | 210423s2000 xx 000 0 und d | ||
| 020 | _a195652185 | ||
| 040 | _cAL | ||
| 041 | _aeng | ||
| 082 |
_a338.19 OSMS _223 |
||
| 100 |
_aOSMANI (S R) _982407 |
||
| 245 | _aNutrition and poverty | ||
| 260 |
_aOxford _bOxford University Press _c2000 |
||
| 300 |
_axiv,366 _bPB |
||
| 365 |
_b350 _cINR |
||
| 650 |
_aEconomics _982408 |
||
| 650 |
_aProduction Economics _982409 |
||
| 906 | _aNutrition ; poverty | ||
| 942 |
_2ddc _cBK |
||
| 999 |
_c158575 _d158575 |
||